Представление документа в формате RUSMARC

ПолеНазваниеЗначение
  Тип записи a
  Библиографический уровень m
001 Контрольный номер RU/CBS_UL/BASE/3cb756cea02c42119232e3b92886b79b
005 Дата корректировки 20250331135431.2
010 Индекс ISBN __
a ISBN 978-5-08-006837-9
b Уточнения в пер.
d Цена 440 р. 00 к.
9 Тираж 3 000 экз.
100 Данные общей обработки __
a Данные общей обработки 20130812d2013 ||| 0rusy0189 ca
101 Язык документа 0_
a Язык текста rus
102 Страна публикации __
a Страна публикации RU
105 Кодированные данные (монография) __
a Кодированные данные (монография) y###||||000|y
181 Поле кодированных данных: вид содержания _1
a Код вида содержания (ISBD) i#
b Код характеристики содержания (ISBD) #xxe##
d i
g x
h x
i e
182 Поле кодированных данных: тип средства _1
a Код типа средства (ISBD) n
2 Код системы (источник кода, отличный от ISBD) isbdmedia
200 Заглавие и сведения об ответственности 1_
a Заглавие Бемби
b Общее обозначение материала Текст
e Сведения, относящиеся к заглавию лесная сказка
f Первые сведения об ответственности Ф. Зальтен
g Последующие сведения об ответственности пересказ с нем. Ю. Нагибина
g Последующие сведения об ответственности худож. В. Бастрыкин
w Текст (визуальный) : непосредственный
203 Вид содержания и тип средства __
a Вид содержания Текст
b Характеристика содержания визуальный
c Тип средства непосредственный
210 Выходные данные 1_
a Место издания Москва
c Издательство Детская литература
d Дата издания 2022
215 Физическое описание __
a Объем 190, [1] с.
c Иллюстрации/тип воспроизводства ил., портр.
d Формат 20,5 см.
225 Серия 0_
a Серия Школьная библиотека
300 Общие примечания __
a Общие примечания 6+
606 Тематические рубрики 0_
a Основная рубрика Австрийская детская литература, 20 в. - Сказки
610 Ключевые слова 0_
a Ключевые слова литература австрийская
a Ключевые слова сказки зарубежных писателей
a Ключевые слова красота природы
a Ключевые слова жизнь в лесу
a Ключевые слова обитатели леса
a Ключевые слова жизнь олененка
a Ключевые слова приключения
686 Индексы других классификаций __
a Классификационный индекс 84(4Авс)
2 Код системы ББК
700 Автор _0
a Фамилия Зальтен
b Имя (инициалы) Ф.
g Полное личное имя Феликс
801 Источник записи _0
a Страна RU
b Организация МБУК ЦБС г. Ульяновска
c Дата составления 20130812
g Правила каталогизации RCR
801 Источник записи _1
a Страна RU
b Организация МБУК ЦБС г. Ульяновска
c Дата составления 20130812
g Правила каталогизации RCR
852 Данные о местонахождении __
i Авторский знак З-25
j Шифр хранения И(Австр)
900 Электронные ресурсы __
a Имя электронного ресурса Бемби Зальтен Ф. ШБ
901 Тип документа __
t Тип документа m
910 Корректоры записи __
a Корректор записи Хисамова